[Event "Berlin op 05"]
[Site "Berlin"]
[Date "2006.05.27"]
[Round "5"]
[White "Princeataia, Elina"]
[Black "Schacht, Thomas"]
[Result "1/2-1/2"]
[WhiteElo "971"]
[BlackElo "1315"]
[PlyCount "104"]
[EventDate "2006.05.24"]
[EventType "swiss"]
[EventRounds "7"]
[EventCountry "GER"]
[SourceTitle "EXT 2007"]
[Source "ChessBase"]
[SourceDate "2006.11.23"]
[SourceVersion "1"]
[SourceVersionDate "2006.11.23"]
[SourceQuality "1"]

1. e4 e5 2. Nf3 Nc6 3. d4 exd4 4. Bc4 Be7 5. c3 dxc3 6. Nxc3 Na5 7. Bxf7+ Kxf7 8. Qd5+ Ke8 9. Qxa5 b6 10. Qh5+ g6 11. Qe5 Nf6 12. Bg5 d6 13. Qf4 Rf8 14. Qh4 h5 15. 0-0-0 Nh7 16. Bxe7 Qxe7 17. Qg3 g5 18. h3 h4 19. Qh2 Bb7 20. Rhe1 Rf4 21. e5 Qf7 22. exd6+ Kf8 23. d7 Rd8 24. Ne5 Qf6 25. g3 Rxf2 26. Qxf2 Qxf2 27. Rf1 Qxf1 28. Rxf1+ Ke7 29. gxh4 gxh4 30. Rf7+ Ke6 31. Rxh7 Kxe5 32. Nb5 Bc6 33. Rxh4 Bxd7 34. Nxc7 Rc8 35. Rc4 b5 36. Rc2 Kd6 37. Na6 Rxc2+ 38. Kxc2 Bxh3 39. Kc3 Kc6 40. b4 Bc8 41. Nc5 a5 42. a3 axb4+ 43. Kxb4 Bg4 44. Ne4 Kb6 45. Nf6 Be6 46. Ne4 Bh3 47. Nc3 Bf1 48. Nd5+ Kc6 49. Ne7+ Kb6 50. Nc8+ Kc7 51. Na7 Kb6 52. Nc8+ Kc7 1/2-1/2